000 01154nam a22003257a 4500
001 0011630
003 DO-SdBPM
005 20251120112251.0
007 ta
008 161017b2007 it |||| |||| 00| 0 spa d
020 _a 9782215086239
040 _aDO-SdBPM
_bspa
_cBPMSU
_erda
_drda
082 4 _aR611
_bH878c 2007
_222
100 1 _a Hublet, Christophe
_eautor
_4aut.
245 1 0 _aDiccionario de los pequeños : el cuerpo humano /
_cChristophe Hublet,Émilie Beaumont ; ilustración Catherine Ferrier
264 _aItalia :
_bEditorial Fleurus,
_c2007
300 _a32 páginas :
_bilustraciones,
_c 21 cm.
_e
336 _atexto
_btxt
_2rdacontent
337 _asin mediación
_bn
_2rdamedia
338 _avolumen
_bnc
_2rdacarrier
490 0 _aDiccionario de los pequeños
590 _aInventariado, 2025/VM
650 7 _aAnatomía humana
_vLiteratura infantil
650 7 _aFisiología humana
_vLiteratura infantil
_x
650 7 _aCuerpo humano
_vLiteratura infantil
700 1 _aBeaumont, Émilie
_eautora
700 1 _aFerrier, Catherine
_eilustración
910 _aVMateo V. Control de calidad BPMSU
942 _2ddc
_cBK
999 _c15526
_d15526